000
00243nam a2200085Ia 4500
245
0
_a
Heroin : the deadly addiction
100
_a
BREZINA, Corona New York, 2009 1st ed
_9
60101
942
_c
BK
008
210817s9999 xx 000 0 und d
999
_c
296275
_d
296274